000 01789nam a2200277 a 4500
001 000038289
003 000038289
005 20220112101945.0
008 110331s2001 dr 000 0 spa d
040 _aBPMSU
_bspa
_cBPMSU
082 _a923.9
_bB171C 2001
_222
100 1 _aBalaguer, Joaquín
_d1906-2002
_92
245 1 0 _aColón, precursor literario /
_cJoaquín Balaguer.
250 _a5a. ed.
260 _aSanto Domingo :
_bCorripio ,
_c2001.
300 _a150 p. :
_c22 cm.
500 _aIncluye referencias bibliográficas y notas al pie de las páginas
500 _aIncluye datos biográficos del autor en la solapa de la cubierta
505 _a Cristóbal Colón -- Colón, escritor -- Colón, pintor -- El sentimiento de la naturaleza -- Colón, precursor literario -- La fidelidad del colorido -- Puntos de contactos entre los cuadros tropicales de Colón y los de Víctor Hugo -- El sentimiento de la naturaliza en Colón y en los historiadores de Indias. Colón y Fray Bartolomé de Las Casas -- Colón y Gonzalo Fernández de Oviedo -- Colón y Américo Vespucio -- Colón y los poetas de la Conquista -- Valor artístico del Diario y de las cartas del Almirante -- Los dominicos en La Española .Fray Tomás de la Torre -- Fray Pedro de Córdoba -- El padre Córdoba y fray Bartolomé de Las Casas -- La “Doctrina Cristiana” -- Fray Antón de Montesino -- Montesino y Las Casas -- Fray Domingo de Betanzos -- Pedro Ordóñez de Ceballos.
590 _6Inventariado, 2022/VM
600 1 4 _aColón, Cristóbal, 1451?
_d1436?-1506
_xCrítica e interpretación
650 4 _aLiteratura Dominicana
_x Historia y crítica
651 4 _aRepública Dominicana
_xDescubrimiento y conquista
_y1492-1511
910 _aVMateo V.
942 _2ddc
_cBK
999 _c7144
_d7144